000 00355nam a2200145 i 4500
001 bg
100 1 _aBERNDT, Kurt
245 0 _aDie Montagebauarten des Wohnungsbaues in Beton /
_cK. Berndt.
260 _aBerlin,
_c1969.
040 _cBPK
041 _apol
080 _a69.002.2:728:69.057.1
942 _cKS
008 s pl f |000 0 pol
999 _c8629
_d8629
856 _uhttp://koha.tu.koszalin.pl/cgi-bin/koha/opac-detail.pl?biblionumber=8629
_yKatalog online BPK